| 000 | 00668nam a22001937a 4500 | ||
|---|---|---|---|
| 999 |
_c182863 _d182863 |
||
| 005 | 20211208130826.0 | ||
| 010 | _aUR-11359 | ||
| 020 |
_c580.00 _a9789390789832 |
||
| 035 | _aU-9914 | ||
| 037 | _bDBAD/PUB | ||
| 082 | _a841.08 | ||
| 100 | _aبلقيس بيگم | ||
| 245 |
_aد يو ا ن قد ر ت ا للہ قد ر ت (معہ مقد مہ و تصيح) _cبلقيس بيگم |
||
| 246 |
_aDewan-e-Qudratullah Qudrat (Urdu) _bBilquis Begum |
||
| 260 |
_aN.Delhi _c2021 ء _bEducational Publishing House |
||
| 270 |
_aD1/16,Ansari Road,Darya Ganj, _bNew Delhi _e110002 _l - |
||
| 300 |
_a340 ص _c22 Cm(Hb) |
||
| 942 |
_2ddc _cUR _h841.08 _mب ل ق |
||